000 00792nam a2200229 a 4500
005 20210219160118.0
008 080804s1986 mx r 000 0 spa d
020 _a9233024318
035 _aUPN01000158927
049 _aUNE
080 _a582.271/ 273 ETCH.
100 1 _aEtcheverry D., Héctor
245 1 0 _aAlgas marinas bentónicas de Chile /
_cHéctor Etcheverry D.
260 _aMontevideo :
_bROSTLAC,
_c1986.
300 _a379 p. :
_bil.
500 _aIncluye bibliografía.
690 _aAlgas marinas - Zona béntica - Chile
690 _aTaxonomia de las plantas - Océano Pacifíco
690 _aChile - Algas marinas - Biología marina
710 2 _aROSTLAC.
_bOficina Regional de Ciencia y Tecnología de la UNESCO para América Latina y el Caribe.
905 _aUNESCO
999 _c131041
_d131041